000 00426nam a2200181Ia 4500
001 17921
005 20260306171552.0
008 260306s9999||||xx |||||||||||||| ||und||
041 _aESP
082 _a658.3
_bD67
100 _aDías Díaz, Carlos
_eAUT
245 0 _aLa administración de personal
260 _c1998
300 _a148 páginas :
_c21cm.
650 _aGEN
654 _aCAN
942 _cLIB
_dJUS
_fJUS
_2ddc
_n
999 _c17921
_d17921